Crucigrama de Países - Estadísticas

Estadísticas generales
  • Esta prueba ha sido intentada 100 veces
  • La puntuación promedio es 4 de 7
Estadísticas de respuestas
Respuesta % Correcto
R
86%
P
55%
T
49%
F
44%
N
42%
L
41%
C
37%
No se encontraron pruebas coincidentes
Distribución de puntuación
Porcentaje de gente con cada puntuación
Porcentaje por número respondido
Historial de tus puntuaciones
No has intentado esta prueba.